00766nam a2200241 a 4500001001300000003000900013005001700022008004100039020002300080082002000103100002600123245005800149260004000207300000900247500003500256650002800291650002800319700002600347902000800373942000700381952012100388999001500509nice12345678IN_TiNIC20260116012320.0071205s1993 dela grp 000 0 eng  a8185360383 c15000a491.439321bQUR aQureshi, Bashir Ahmed aStandard Twentieth Century Dictionary, (urdu English) aDelhibEducational Pub House c1993 a688p aincludes index and biblioraphy aDictionary-Urdu English aUrdu-English-Dictionary1 aQureshi, Bashir Ahmed bRHR cBK 001040708ReferHall-aHMIbHMId2007-12-05g150.00l0o491.439321 QURp014887r2007-12-05v150.00w2007-12-05yBK c6522d6522